| 000 -LEADER |
| fixed length control field |
00873cam a2200253 a 4500 |
| 001 - CONTROL NUMBER |
| control field |
10232 |
| 003 - CONTROL NUMBER IDENTIFIER |
| control field |
BD-DhUAP |
| 005 - DATE AND TIME OF LATEST TRANSACTION |
| control field |
20201227104834.0 |
| 008 - FIXED-LENGTH DATA ELEMENTS--GENERAL INFORMATION |
| fixed length control field |
201227r20061998bg a b 001 0 eng |
| 020 ## - INTERNATIONAL STANDARD BOOK NUMBER |
| International Standard Book Number |
8185617643 |
| 040 ## - CATALOGING SOURCE |
| Original cataloging agency |
DLC |
| Transcribing agency |
DLC |
| Modifying agency |
BD-DhUAP |
| Language of cataloging |
eng |
| 082 00 - DEWEY DECIMAL CLASSIFICATION NUMBER |
| Classification number |
808.066 BAU |
| Edition number |
23 |
| 100 ## - MAIN ENTRY--PERSONAL NAME |
| Personal name |
Baugh, L. Sue. |
| 245 ## - TITLE STATEMENT |
| Title |
How to write first-class business correspondence : |
| Remainder of title |
the handbook for business writing / |
| Statement of responsibility, etc. |
L. Sue Baugh, Maridell Fryar and David A. Thomas. |
| 260 ## - PUBLICATION, DISTRIBUTION, ETC. |
| Place of publication, distribution, etc. |
Boston : |
| Name of publisher, distributor, etc. |
McGraw-Hill/Irwin, |
| Date of publication, distribution, etc. |
c1998 [Reprinted 2006]. |
| 300 ## - PHYSICAL DESCRIPTION |
| Extent |
ix, 302 pages : |
| Other physical details |
illustrations ; |
| Dimensions |
22 cm. |
| 504 ## - BIBLIOGRAPHY, ETC. NOTE |
| Bibliography, etc. note |
Includes bibliographical references and index. |
| 650 ## - SUBJECT ADDED ENTRY--TOPICAL TERM |
| Topical term or geographic name entry element |
English language -- Business English. |
| 650 ## - SUBJECT ADDED ENTRY--TOPICAL TERM |
| Topical term or geographic name entry element |
Commercial correspondence. |
| 650 ## - SUBJECT ADDED ENTRY--TOPICAL TERM |
| Topical term or geographic name entry element |
Business writing. |
| 700 ## - ADDED ENTRY--PERSONAL NAME |
| Personal name |
Fryar, Maridell. |
| 700 ## - ADDED ENTRY--PERSONAL NAME |
| Personal name |
Thomas, David A. |
| 942 ## - ADDED ENTRY ELEMENTS (KOHA) |
| Source of classification or shelving scheme |
|
| Koha item type |
Book |